[Event "B22"]
[Site "Cleanchess.com Neustadt an der Weinstrasse GER"]
[Date "2018.02.13"]
[Round "9.12"]
[White "Karpatchev,A"]
[Black "Rietze,C"]
[Result "0-1"]
[WhiteElo "2494"]
[BlackElo "2314"]

1.e4 c5 2.c3 Nf6 3.e5 Nd5 4.Nf3 e6 5.d4 cxd4 6.cxd4 Nc6 7.Bc4 d6 8.O-O Be7
9.exd6 Qxd6 10.Nc3 O-O 11.Ne4 Qc7 12.Be3 Rd8 13.Rc1 Bd7 14.a3 Rac8 15.b4 Qb8
16.Qb3 Be8 17.Rfd1 Bf8 18.Bg5 Be7 19.Be3 Bf8 20.Qd3 f6 21.Nc5 Bg6 22.Qb3 Bf7
23.Re1 b6 24.Ne4 Nce7 25.Bd2 Nf5 26.Nc3 Qb7 27.Bd3 Nde7 28.Qb1 g6 29.Ne2 Nd5
30.Bc4 Nd6 31.Bb3 Rxc1 32.Bxc1 b5 33.Nf4 Nxf4 34.Bxf4 Nc4 35.Qa2 g5 36.Bc1 g4
37.Nd2 Rxd4 38.Nxc4 bxc4 39.Bxc4 e5 40.Bxf7+ Qxf7 41.Qc2 Qc4 42.Qf5 Qe2 {#R}
0-1

[Event "B22"]
[Site "Cleanchess.com Israel ISR"]
[Date "2018.02.16"]
[Round "7.5"]
[White "Iakymov,Volodymyr"]
[Black "Givon,A"]
[Result "0-1"]
[WhiteElo "2442"]
[BlackElo "2470"]

1.e4 c5 2.c3 Nf6 3.e5 Nd5 4.d4 cxd4 5.Nf3 d6 6.cxd4 Nc6 7.Bc4 dxe5 8.dxe5 Ndb4
9.Qxd8+ Nxd8 10.Na3 a6 11.Bd2 e6 12.O-O b5 13.Be2 Bb7 14.Nd4 Ndc6 15.Bf3 O-O-O
16.Nb3 Nd3 17.Na5 Ndxe5 18.Bxc6 Nxc6 19.Nxc6 Bxc6 20.Ba5 Rd7 21.Rac1 Kb7
22.Nc2 Be7 23.Nb4 Rc8 24.Rc2 Rd4 25.a3 Rc4 26.Rd2 Be8 27.Nd3 Rd4 28.Rdd1 Rd5
29.h3 Rc4 30.Nb4 Rxd1 31.Rxd1 Bf6 32.b3 Rd4 33.Rc1 Bd8 34.Bxd8 Rxd8 35.Rc3 Kb6
36.Nd3 a5 37.b4 axb4 38.Nxb4 f6 39.Rg3 Bg6 40.Rc3 Be8 41.Rg3 Rd7 42.Re3 Rd6
43.Rg3 Rd7 44.Re3 Bf7 45.Rg3 Bg6 46.Re3 e5 47.Rc3 Be4 48.h4 Bb7 49.Kh2 Rd4
50.Kg3 h5 51.f3 e4 52.fxe4 Rxe4 53.Kh3 g5 54.hxg5 fxg5 55.Nc2 Rh4+ {#R} 0-1

[Event "B23"]
[Site "Cleanchess.com   INT"]
[Date "2018.02.14"]
[Round "6"]
[White "Perez,Fl"]
[Black "Gretarsson,Hj"]
[Result "0-1"]
[WhiteElo "2279"]
[BlackElo "2565"]

1.e4 c5 2.Nc3 a6 3.g3 b5 4.Bg2 Bb7 5.d3 e6 6.f4 d5 7.Nf3 Be7 8.O-O b4 9.exd5
bxc3 10.dxe6 fxe6 11.bxc3 Nf6 12.Rb1 Bc6 13.Qe2 O-O 14.Rxb8 Rxb8 15.Qxe6+ Kh8
16.Qxc6 Qd6 17.Ne5 Rb1 18.Qxd6 Bxd6 19.Nc4 Be7 20.Ba3 Rfb8 21.d4 Nd7 22.Bc6
Rxf1+ 23.Kxf1 Nb6 24.Ne5 g6 25.dxc5 Nc8 26.Bd7 Na7 27.Ke2 Kg7 28.h4 Nb5 29.Bb4
a5 30.a4 Na7 31.Bxa5 Bxc5 32.Nd3 Bd6 33.Bb4 Rb7 34.Bg4 Bb8 35.Bf3 Rb6 36.a5
Re6+ 37.Kd2 Re8 38.c4 Bc7 39.Bd5 Kf6 40.g4 Kg7 41.a6 Nc8 42.c5 Rd8 43.Be4
Bxf4+ 44.Kc3 Bc7 45.Kc4 Na7 46.Bc3+ Kf7 47.Nb4 Bg3 48.h5 gxh5 49.gxh5 h6
50.Nd5 Rc8 51.Nb6 Rc7 52.Bd5+ Ke8 53.Bd2 Bf2 54.Bb4 Kd8 55.Na4 Rg7 56.Nc3 Rg4+
57.Ne4 Bg1 58.Bd2 Rh4 59.Bf7 Rxe4+ 60.Kd3 Rd4+ 61.Kc3 Nb5+ 62.Kb3 Rxd2 {#R}
0-1

[Event "B24"]
[Site "Cleanchess.com   INT"]
[Date "2018.02.14"]
[Round "6"]
[White "Perez,Fl"]
[Black "Thorhallsson,T"]
[Result "1-0"]
[WhiteElo "2279"]
[BlackElo "2418"]

1.e4 c5 2.Nc3 Nc6 3.g3 g6 4.Bg2 Bg7 5.d3 e6 6.Be3 b6 7.Qd2 Nge7 8.Bh6 O-O 9.h4
f6 10.Bxg7 Kxg7 11.h5 g5 12.e5 Nf5 13.h6+ Kh8 14.Bxc6 dxc6 15.Ne4 fxe5 16.Nxg5
c4 17.N1f3 cxd3 18.O-O-O Qd5 19.Qxd3 Qxd3 20.Rxd3 e4 21.Nxe4 c5 22.Neg5 Bb7
23.Rh3 Bxf3 24.Rxf3 Nd4 25.Rf7 Rxf7 26.Nxf7+ Kg8 27.Ne5 Rd8 28.c3 Nf5 29.g4
Rd5 30.f4 Ne7 31.Rh5 Kf8 32.Rg5 Ng8 33.Rg7 Nxh6 34.Rxa7 Nxg4 35.Nxg4 Rf5
36.Rxh7 Rxf4 37.Ne5 Re4 38.Nd7+ {#r} 1-0

[Event "B27"]
[Site "Cleanchess.com Israel ISR"]
[Date "2018.02.16"]
[Round "7.5"]
[White "Rozentalis,E"]
[Black "Shohat,Yotam"]
[Result "1-0"]
[WhiteElo "2527"]
[BlackElo "2204"]

1.e4 c5 2.Nf3 g6 3.g3 Bg7 4.Bg2 Nc6 5.O-O Nf6 6.Re1 O-O 7.c3 d6 8.h3 e5 9.d3
Rb8 10.a4 a6 11.Be3 b5 12.axb5 axb5 13.Nbd2 Qc7 14.Qc1 Bb7 15.Nf1 Ra8 16.Rxa8
Rxa8 17.Bg5 Na5 18.Ne3 c4 19.Bxf6 Nb3 20.Qc2 Bxf6 21.dxc4 bxc4 22.Bf1 Nc5
23.Nd2 Bg5 24.Nexc4 f5 25.exf5 Qc6 26.f3 gxf5 27.Qxf5 Bh6 28.Qh5 Kg7 29.Qg4+
Kh8 30.Qh4 Bg7 31.Kh2 Rf8 32.Re3 Qd5 33.b4 Nb3 34.Bd3 h6 35.Nxb3 Rxf3 36.Be4
Rf2+ 37.Kg1 Qf7 38.Ncd2 d5 39.Bf3 d4 40.Kxf2 dxe3+ 41.Kxe3 Bxf3 42.Qd8+ Kh7
43.Nxf3 Qxb3 44.Qd3+ Kh8 45.Nd2 Qd1 46.Qf1 Qc2 47.Ne4 Qb2 48.h4 h5 49.Qf5 Qc1+
50.Kd3 Qb1+ 51.Kc4 Qa2+ 52.Kb5 Qd5+ 53.Nc5 {#r} 1-0

[Event "B27"]
[Site "Cleanchess.com   INT"]
[Date "2018.02.14"]
[Round "6"]
[White "Zherebukh,Y"]
[Black "Hua,L"]
[Result "1-0"]
[WhiteElo "2636"]
[BlackElo "2305"]

1.e4 c5 2.Nf3 g6 3.d4 cxd4 4.Qxd4 Nf6 5.e5 Nc6 6.Qa4 Nd5 7.Qb3 Nc7 8.Nc3 Bg7
9.Bf4 Ne6 10.Bg3 Qa5 11.Qd5 Qxd5 12.Nxd5 b6 13.O-O-O Bb7 14.Bb5 h6 15.Rd2 Rc8
16.Rhd1 Nc5 17.Re1 Ne6 18.Kb1 Nb8 19.Red1 Nc5 20.Nc3 a6 21.Bf1 Ne4 22.Nxe4
Bxe4 23.Nd4 Bb7 24.f4 O-O 25.Nf3 b5 26.Bd3 Bxf3 27.gxf3 e6 28.Be4 Rfe8 29.Bf2
Bf8 30.c3 Bc5 31.Bxc5 Rxc5 32.Rd6 Kf8 33.Rg1 Ke7 34.Rb6 Rg8 35.h4 h5 36.Kc2 a5
37.Kd3 Rgc8 38.a3 a4 39.Ke3 Nc6 40.Bd3 Na7 41.Rd1 R8c6 42.Rb7 Rc7 43.Rb8 Rc8
44.Rxc8 Rxc8 45.Be2 Rc5 46.Rd6 Rc6 47.Rxc6 dxc6 48.Kd4 Kd7 49.Kc5 Kc7 50.c4
bxc4 51.Bd1 Nb5 52.Bxa4 c3 53.bxc3 Nxc3 54.Bxc6 Ne2 55.a4 Nxf4 56.Be4 g5
57.hxg5 h4 58.a5 h3 59.a6 h2 60.a7 h1=Q 61.a8=Q Qc1+ 62.Kb4 Qb2+ 63.Kc4 Qc1+
64.Kd4 Qd2+ 65.Kc4 Qc1+ 66.Kb3 Qd1+ 67.Bc2 Qd4 68.Qa5+ Kd7 69.Qb5+ Ke7 70.Qb7+
Kf8 71.Qb4+ Qxb4+ 72.Kxb4 Ke7 73.Kc5 Ne2 74.Bd3 Nf4 75.Kd4 Nh5 76.Ke4 Ng3+
77.Kf4 Nh5+ 78.Kg4 Ng7 79.f4 Kf8 80.g6 fxg6 81.Bxg6 Ke7 82.Kg5 Kf8 83.Kf6 Kg8
84.Bf7+ Kf8 85.Bg6 Kg8 86.Ke7 Kh8 87.Kf7 Nf5 88.Bxf5 exf5 89.e6 Kh7 90.e7 Kh8
91.e8=Q+ Kh7 92.Qg8+ {#r} 1-0

[Event "B29"]
[Site "Cleanchess.com   INT"]
[Date "2018.02.14"]
[Round "6"]
[White "Gunina,V"]
[Black "Gretarsson,Hj"]
[Result "1-0"]
[WhiteElo "2502"]
[BlackElo "2565"]

1.e4 c5 2.Nf3 Nf6 3.e5 Nd5 4.c4 Nc7 5.Be2 g6 6.O-O Bg7 7.d4 cxd4 8.Qxd4 Nc6
9.Qe4 d6 10.exd6 Qxd6 11.Nc3 Bf5 12.Qh4 e5 13.Be3 Nd4 14.Nxd4 exd4 15.Rad1 Rd8
16.Bg5 Rd7 17.Ne4 Bxe4 18.Qxe4+ Ne6 19.Bc1 O-O 20.b3 h5 21.Rfe1 Nc5 22.Qh4 Qa6
23.b4 Ne6 24.a3 Qa4 25.Bd3 a5 26.f4 axb4 27.f5 Nc5 28.f6 Bh8 29.axb4 Qxb4
30.Bf5 Rd6 31.Bh6 Nd7 32.Bxd7 Rxd7 33.Bxf8 Qxf8 34.Re5 Qd8 35.Re7 d3 36.Qe4
Qb6+ 37.Kh1 Qb3 38.Rf1 Qa4 39.Qxg6+ {#r} 1-0

[Event "B30"]
[Site "Cleanchess.com   INT"]
[Date "2018.02.14"]
[Round "6"]
[White "Adair,J"]
[Black "Ansell,S"]
[Result "1-0"]
[WhiteElo "2480"]
[BlackElo "2340"]

1.e4 c5 2.Nf3 Nc6 3.Bb5 e6 4.O-O Nge7 5.d4 cxd4 6.Nxd4 Qb6 7.Nxc6 bxc6 8.Be2
Ng6 9.c4 e5 10.Nc3 Be7 11.g3 d6 12.Rb1 Bh3 13.Re1 O-O 14.b4 f5 15.exf5 Bxf5
16.Be3 Qd8 17.Bd3 Bg5 18.Bxf5 Rxf5 19.Qg4 Bxe3 20.Qxf5 Bd4 21.Qe6+ Kh8 22.Ne4
Qf8 23.Re2 Re8 24.Qd7 Rd8 25.Qg4 Rb8 26.Rb3 d5 27.Ng5 e4 28.cxd5 cxd5 29.Nxh7
Kxh7 30.Qh5+ Kg8 31.Qxd5+ Kh8 32.Qxd4 Rb5 33.Rxe4 Rf5 34.Rbe3 {#r} 1-0

[Event "B31"]
[Site "Cleanchess.com Newcastle ENG"]
[Date "2018.02.16"]
[Round "5.3"]
[White "Hebden,M"]
[Black "Vakhidov,J"]
[Result "0-1"]
[WhiteElo "2454"]
[BlackElo "2532"]

1.e4 c5 2.Nf3 Nc6 3.Bb5 g6 4.O-O Bg7 5.Re1 Nf6 6.c3 O-O 7.d4 d5 8.e5 Ne4
9.Bxc6 bxc6 10.Nbd2 Nxd2 11.Bxd2 Qb6 12.Qa4 cxd4 13.cxd4 Bg4 14.Ba5 Qa6 15.Nd2
Rfb8 16.b4 Bh6 17.Nb3 Qc4 18.Qa3 Bf5 19.Qb2 Rxb4 20.Bxb4 Qxb4 21.Qe2 a5
22.Rad1 Qc4 23.Qf3 Bc2 24.e6 f6 25.h4 a4 26.Nc5 Bxd1 27.Rxd1 Qxa2 28.h5 Qc2
29.hxg6 hxg6 {#R} 0-1

[Event "B31"]
[Site "Cleanchess.com Israel ISR"]
[Date "2018.02.16"]
[Round "7.2"]
[White "Aharon,O"]
[Black "Gindi,S"]
[Result "1-0"]
[WhiteElo "2288"]
[BlackElo "2397"]

1.e4 c5 2.Nf3 Nc6 3.Bb5 g6 4.Bxc6 bxc6 5.O-O Bg7 6.Re1 Nh6 7.c3 O-O 8.d4 cxd4
9.cxd4 d5 10.e5 f6 11.exf6 exf6 12.Nc3 g5 13.h3 Nf7 14.b3 g4 15.hxg4 Bxg4
16.Qd3 Qd6 17.Ne2 Ne5 18.dxe5 fxe5 19.Nh2 e4 20.Qg3 Qxg3 21.Nxg3 Bxa1 22.Ba3
Rf7 23.Rxa1 Bd7 24.Bc5 Kg7 25.Nhf1 Kg6 26.Ne2 h5 27.Rc1 h4 28.Be3 Kh7 29.Bg5
h3 30.g3 Kg6 31.Be3 h2+ 32.Nxh2 Rh7 33.Bd4 Re8 34.Nf4+ Kf5 35.Rc5 e3 36.fxe3
Ke4 37.Kg2 Rg8 38.Nf3 {#r} 1-0

[Event "B31"]
[Site "Cleanchess.com Moscow RUS"]
[Date "2018.02.18"]
[Round "1.2"]
[White "Oparin,G"]
[Black "Dubov,Daniil"]
[Result "0-1"]
[WhiteElo "2607"]
[BlackElo "2694"]

1.e4 c5 2.Nf3 Nc6 3.Bb5 g6 4.Bxc6 bxc6 5.O-O Bg7 6.Re1 Nh6 7.c3 O-O 8.h3 c4
9.Qa4 Rb8 10.Qxc4 d5 11.Qc5 dxe4 12.Rxe4 e5 13.d4 exd4 14.cxd4 Rb5 15.Qxc6 Rb6
16.Qc3 Bb7 17.Re1 Nf5 18.Na3 Bd5 19.Bf4 Bxf3 20.Qxf3 Nxd4 21.Qg4 h5 22.Qg5 Bf6
23.Qc5 Ne6 24.Qc4 Bxb2 25.Rad1 Qc8 26.Bc1 Rc6 27.Qf1 Bc3 28.Bd2 a6 29.Bxc3
Rxc3 30.Nb1 Rc2 31.Rc1 Nf4 32.Rxc2 Qxc2 33.g3 Nd3 34.Re2 Qc5 35.Nd2 Rc8 36.Re3
Nb4 37.Ne4 Qd4 38.Qe2 Rc1+ 39.Kg2 Nc2 40.Rb3 Qa1 41.Qxa6 Rg1+ 42.Kh2 Rh1+
43.Kg2 Qg1+ 44.Kf3 Nd4+ 45.Kf4 Qc1+ 46.Re3 Ne6+ 47.Kf3 Nd4+ 48.Kf4 Ne6+ 49.Kf3
Qd1+ 50.Kg2 Rxh3 51.Nf6+ Kg7 52.Ne8+ Kh6 {#R} 0-1

[Event "B32"]
[Site "Cleanchess.com Neustadt an der Weinstrasse GER"]
[Date "2018.02.13"]
[Round "8.11"]
[White "Barski,R"]
[Black "Gschnitzer,Adrian"]
[Result "0-1"]
[WhiteElo "2429"]
[BlackElo "2310"]

1.e4 c5 2.Nf3 Nc6 3.d4 cxd4 4.Nxd4 e5 5.Nb5 d6 6.N1c3 a6 7.Na3 b5 8.Nd5 Nge7
9.Bd3 Nxd5 10.exd5 Ne7 11.O-O g6 12.c4 Bg7 13.cxb5 O-O 14.bxa6 f5 15.Re1 e4
16.Bf1 Bxa6 17.Nc4 Qc7 18.Bf4 Bxc4 19.Rc1 Rxa2 20.Bxc4 Rxb2 21.f3 Rb4 22.Bf1
Qb6+ 23.Kh1 Rd4 24.Be3 Rxd1 25.Bxb6 Rxc1 26.Rxc1 Bh6 27.Rc7 Rb8 28.Rxe7 Rxb6
29.g3 Rb1 30.Kg2 exf3+ 31.Kf2 g5 32.Bd3 Rb2+ 33.Kf1 Bg7 34.Bxf5 Bd4 35.Be4
Rxh2 {#R} 0-1

[Event "B38"]
[Site "Cleanchess.com Leiden NED"]
[Date "2018.02.18"]
[Round "6.2"]
[White "Arnaudov,G"]
[Black "Van Meegen,R"]
[Result "1-0"]
[WhiteElo "2448"]
[BlackElo "2212"]

1.Nf3 Nf6 2.c4 c5 3.Nc3 Nc6 4.d4 cxd4 5.Nxd4 g6 6.e4 d6 7.Be2 Bg7 8.Be3 O-O
9.O-O Bd7 10.h3 Nxd4 11.Bxd4 Bc6 12.Qc2 Nd7 13.Bxg7 Kxg7 14.b4 b6 15.Rad1 Qc7
16.f4 a5 17.a3 Qa7 18.Kh1 Kg8 19.Qd2 Rad8 20.Qb2 Rfe8 21.Rd2 Rc8 22.Bd3 Rb8
23.Kh2 Ra8 24.Nd5 Rac8 25.g3 axb4 26.axb4 b5 27.cxb5 Bxd5 28.exd5 Nf6 29.Be2
Ne4 30.Rc2 Rxc2 31.Qxc2 Qd4 32.b6 Nc3 33.Bf3 Rb8 34.Rc1 Nxd5 35.b7 Ne3 36.Qc8+
Kg7 37.Qc3 Nf5 38.Qxd4+ Nxd4 39.Bd5 e6 40.Rc8 {#r} 1-0

[Event "B40"]
[Site "Cleanchess.com Lutsk UKR"]
[Date "2018.02.17"]
[Round "6.8"]
[White "Meleshko,V"]
[Black "Gritsak,O"]
[Result "0-1"]
[WhiteElo "2238"]
[BlackElo "2469"]

1.e4 c5 2.Nf3 e6 3.c4 Nc6 4.Nc3 Nd4 5.d3 Ne7 6.Nxd4 cxd4 7.Ne2 Nc6 8.g3 Bb4+
9.Bd2 Qa5 10.f4 d6 11.a3 Bxd2+ 12.Qxd2 Qxd2+ 13.Kxd2 e5 14.b4 a5 15.b5 Nd8
16.f5 b6 17.Ng1 g6 18.g4 h5 19.fxg6 hxg4 20.gxf7+ Nxf7 21.Ne2 Ng5 22.Bg2 Ra7
23.Ng3 Rah7 24.Nf1 Ne6 25.Rg1 Nf4 26.Bh1 Rh3 {#R} 0-1

[Event "B40"]
[Site "Cleanchess.com Aarhus DEN"]
[Date "2018.02.16"]
[Round "7.3"]
[White "Kveinys,A"]
[Black "Miedema,D"]
[Result "0-1"]
[WhiteElo "2550"]
[BlackElo "2371"]

1.c4 e6 2.Nc3 c5 3.Nf3 Nc6 4.e4 Nd4 5.Be2 Ne7 6.Nxd4 cxd4 7.Nb5 Nc6 8.O-O a6
9.Na3 Bc5 10.d3 b5 11.cxb5 axb5 12.Nxb5 Ba6 13.Na3 O-O 14.Nc2 f5 15.exf5 Rxf5
16.Bd2 Bd6 17.f4 Qb8 18.b3 g5 19.fxg5 Bxh2+ 20.Kh1 Rxf1+ 21.Bxf1 Qg3 22.Qh5
Rf8 23.g6 hxg6 24.Qxh2 Qf2 25.Qh6 Ne5 26.Qg5 Rf5 27.Qd8+ Kg7 28.Bg5 Nf7
29.Qxd7 e5 30.g4 Rxg5 31.Bg2 Bxd3 32.Ne1 Bf5 {#R} 0-1

[Event "B40"]
[Site "Cleanchess.com Newcastle ENG"]
[Date "2018.02.14"]
[Round "1.9"]
[White "Merry,Alan B"]
[Black "Pritchett,C"]
[Result "1-0"]
[WhiteElo "2438"]
[BlackElo "2275"]

1.e4 c5 2.Nf3 e6 3.g3 Nc6 4.Bg2 Nf6 5.d3 d6 6.O-O Be7 7.Re1 O-O 8.c3 e5 9.Nbd2
Re8 10.a4 Bf8 11.Nc4 g6 12.Bd2 Bg7 13.b4 cxb4 14.cxb4 Bg4 15.Qb1 Bxf3 16.Bxf3
Nd4 17.Bg2 Rc8 18.Be3 Qd7 19.Qa2 h5 20.Bxd4 exd4 21.e5 dxe5 22.Nxe5 Qe7 23.Bh3
Ng4 24.Nxg4 Qxe1+ 25.Rxe1 Rxe1+ 26.Kg2 hxg4 27.Bxg4 Rc7 28.Qd5 Be5 29.h4 Kg7
30.h5 gxh5 31.Bxh5 Bf6 32.Bf3 b6 33.Qf5 Rb1 34.Qg4+ Kf8 35.Qf4 Bd8 36.Qd6+ Ke8
37.Bc6+ Rxc6 38.Qxc6+ Kf8 39.Qd6+ Ke8 40.Qxd4 a5 41.Qe5+ Kd7 42.Qd5+ Ke8
43.bxa5 bxa5 44.d4 Rb4 45.Qc6+ Ke7 46.d5 {#r} 1-0

[Event "B40"]
[Site "Cleanchess.com Newcastle ENG"]
[Date "2018.02.16"]
[Round "4.16"]
[White "Bukojemski,A"]
[Black "Pritchett,C"]
[Result "1-0"]
[WhiteElo "2222"]
[BlackElo "2275"]

1.e4 c5 2.Nf3 e6 3.g3 Nc6 4.Bg2 Nf6 5.Qe2 e5 6.c3 Be7 7.O-O O-O 8.d4 cxd4
9.cxd4 exd4 10.e5 Ne8 11.Rd1 Qb6 12.Nbd2 d6 13.Nc4 Qc5 14.Bf4 dxe5 15.Ncxe5
Bf6 16.Nxc6 bxc6 17.Rac1 Qb6 18.Ne5 Ba6 19.Qd2 Rd8 20.Rxc6 Qb5 21.b4 Bxe5
22.Bxe5 Qxe5 23.Rxa6 Qb8 24.Qb2 Nc7 25.Ra5 Rd6 26.Rxd4 Rxd4 27.Qxd4 a6 28.Bf3
Rd8 29.Qe5 Re8 30.Qd6 Re6 31.Qf4 Rf6 32.Qe4 g6 33.a3 Qd8 34.Kg2 Kg7 35.Rc5 Ne6
36.Rd5 Qe7 37.h4 h5 38.Qd3 Qa7 39.Qe3 Qxe3 40.fxe3 Nc7 41.Rc5 Nb5 42.a4 Nd6
43.Rc6 Nf5 44.Kf2 Rd6 45.Rxd6 Nxd6 46.Be2 Ne4+ 47.Kf3 Nc3 48.a5 Nd5 49.Bxa6
Nxb4 50.Bb7 {#r} 1-0

[Event "B40"]
[Site "Cleanchess.com   INT"]
[Date "2018.02.14"]
[Round "6"]
[White "Vachier Lagrave,M"]
[Black "Keymer,Vincent"]
[Result "1-0"]
[WhiteElo "2793"]
[BlackElo "2408"]

1.e4 c5 2.Nf3 e6 3.g3 Nc6 4.Bg2 Nf6 5.Qe2 d5 6.exd5 Nxd5 7.O-O Be7 8.Rd1 O-O
9.d4 cxd4 10.Nxd4 Nxd4 11.Rxd4 Bf6 12.Rd1 Qc7 13.Na3 Bd7 14.c4 Ne7 15.Nb5 Bxb5
16.cxb5 Nd5 17.Bxd5 exd5 18.Rxd5 Rfe8 19.Be3 Rad8 20.Rxd8 Rxd8 21.Rc1 Qe5
22.b3 h6 23.a4 b6 24.h4 Qd5 25.Qc4 Qf3 26.Qc6 Qg4 27.Kg2 Qb4 28.Qc4 Qd6 29.Qe4
Qe5 30.Qxe5 Bxe5 31.Kf3 Kf8 32.Ke4 Bb8 33.g4 Ke7 34.h5 Ke6 35.Rc6+ Kd7 36.f4
Re8+ 37.Kf3 Rd8 38.g5 Bd6 39.gxh6 gxh6 40.f5 Rg8 41.Bf4 Bxf4 42.Kxf4 Rg1
43.Rxh6 Rb1 44.Rc6 Rxb3 45.h6 Rh3 46.Kg5 Rh1 47.Rc4 Ke8 48.Rc7 Kf8 49.Rxa7 Kg8
50.Rb7 Ra1 51.Kf6 Rxa4 52.Rxf7 Rh4 53.Kg5 Rb4 54.Rb7 Rxb5 55.h7+ Kh8 56.Kg6
{#r} 1-0

[Event "B40"]
[Site "Cleanchess.com Skara SWE"]
[Date "2018.02.18"]
[Round "5.2"]
[White "Silseth,S"]
[Black "Ernst,T"]
[Result "0-1"]
[WhiteElo "2264"]
[BlackElo "2369"]

1.e4 c5 2.Nc3 e6 3.g3 a6 4.Bg2 b5 5.d3 Bb7 6.Nf3 d6 7.O-O Nf6 8.a4 b4 9.Ne2
Nbd7 10.b3 a5 11.Bb2 e5 12.Nd2 Be7 13.Nc4 Ba6 14.Ne3 g6 15.Kh1 O-O 16.f4 Bb7
17.fxe5 Nxe5 18.Bxe5 dxe5 19.Ng1 Ne8 20.Nf3 f6 21.Nd2 Nc7 22.Ndc4 Ra6 23.Rf2
Kg7 24.Qd2 Qd4 25.Raf1 Bc8 26.Qe2 Be6 27.Bf3 Qd8 28.Bg4 Bg8 29.Bh3 Ne6 30.Qd2
Ng5 31.Bg2 Be6 32.Nd5 Bxd5 33.exd5 Nf7 34.Qe2 Ra7 35.Qg4 Ra6 36.Qe2 Nd6 37.d4
exd4 38.Ne5 fxe5 39.Rxf8 Bxf8 40.Qxa6 Nf5 41.Qe6 Bd6 42.Be4 Nh6 43.g4 Qe7
44.g5 Nf7 45.h4 Qxe6 46.dxe6 Nd8 47.Bd5 h6 48.Re1 hxg5 49.hxg5 Kf8 50.Kg2 Ke7
51.Kf3 Nxe6 52.Bxe6 Kxe6 53.Ke4 Be7 54.Rg1 Bd8 55.Rg2 Be7 56.Rg1 Bd8 57.Rg2
Be7 58.Rh2 Bxg5 59.Rh8 Be3 60.Ra8 g5 61.Rxa5 g4 62.Rxc5 g3 63.Rc6+ Kd7 64.Rg6
Bf4 65.Kf3 Kc7 66.a5 Kb7 67.Rxg3 Bxg3 68.Kxg3 e4 69.Kf4 e3 70.Kf3 Ka6 {#R} 0-1

[Event "B41"]
[Site "Cleanchess.com   INT"]
[Date "2018.02.14"]
[Round "6"]
[White "Zherebukh,Y"]
[Black "Hansen,Eric"]
[Result "1-0"]
[WhiteElo "2636"]
[BlackElo "2629"]

1.e4 c5 2.Nf3 e6 3.d4 cxd4 4.Nxd4 a6 5.g3 Nf6 6.Bg2 Be7 7.O-O d6 8.c4 Bd7 9.b3
Nc6 10.Bb2 O-O 11.Nc3 Rc8 12.Rc1 Qa5 13.a4 Qb6 14.Nxc6 Bxc6 15.Re1 Nd7 16.Nd5
Bxd5 17.exd5 e5 18.Bh3 f5 19.Ba3 a5 20.Kg2 g6 21.f4 Bf6 22.g4 exf4 23.gxf5 Ne5
24.fxg6 Rc7 25.Be6+ Kh8 26.Rc3 Nxg6 27.Rh3 f3+ 28.Kh1 f2 29.Rf1 Be5 30.Rf3 Rg7
31.Bc1 Qd8 32.Bh6 Rxf3 33.Bxg7+ Kxg7 34.Qxf3 Qh4 35.Qxf2 Qe4+ 36.Qg2 Qd3
37.Qf3 Qd2 38.Qf7+ Kh6 39.Qf2 Qc3 40.Qf3 Qd2 41.Qh3+ Kg7 42.Rf7+ {#r} 1-0

[Event "B42"]
[Site "Cleanchess.com   INT"]
[Date "2018.02.14"]
[Round "6"]
[White "Andreikin,D"]
[Black "Kulkarni,R"]
[Result "1-0"]
[WhiteElo "2712"]
[BlackElo "2332"]

1.e4 c5 2.Nf3 e6 3.d4 cxd4 4.Nxd4 a6 5.Bd3 Nf6 6.O-O Qc7 7.c4 g6 8.Re1 d6 9.b4
Bg7 10.Bb2 O-O 11.Nd2 b6 12.a4 Nbd7 13.N2b3 Rb8 14.b5 a5 15.Nc6 Ra8 16.e5 dxe5
17.Nxe5 Bb7 18.Nxd7 Nxd7 19.Bxg7 Kxg7 20.Be4 Rfd8 21.Bxb7 Qxb7 22.Qd4+ e5
23.Qh4 Rac8 24.Rad1 Nf6 25.c5 bxc5 26.Nxa5 Qd5 27.Rxd5 Rxd5 28.Nc6 {#r} 1-0

[Event "B42"]
[Site "Cleanchess.com Skara SWE"]
[Date "2018.02.18"]
[Round "6.1"]
[White "Ernst,T"]
[Black "Bellon Lopez,JuM"]
[Result "0-1"]
[WhiteElo "2369"]
[BlackElo "2322"]

1.e4 c5 2.Nf3 e6 3.d4 cxd4 4.Nxd4 a6 5.Bd3 Qc7 6.O-O Nf6 7.Qe2 d6 8.c4 g6
9.Nc3 Bg7 10.Rd1 O-O 11.Nf3 Nbd7 12.Bg5 h6 13.Bf4 Nh5 14.Be3 Kh7 15.Rac1 b6
16.b3 Bb7 17.Bb1 Rfd8 18.Nd4 Rac8 19.f4 Nxf4 20.Bxf4 Bxd4+ 21.Rxd4 e5 22.Bxe5
Nxe5 23.Qd2 b5 24.Nd5 Bxd5 25.exd5 Qe7 26.Rf4 bxc4 27.bxc4 Re8 28.Bd3 f5
29.Be2 Nd7 30.Rf2 Qg5 31.Bf1 Qxd2 32.Rxd2 Rb8 33.Rcc2 Nc5 34.Re2 Kg7 35.Rxe8
Rxe8 36.Kf2 Kf6 37.Rb2 Re7 38.Rb6 Ke5 39.Kf3 Rb7 40.Rxb7 Nxb7 41.g4 fxg4+
42.Kxg4 Kd4 43.h4 a5 44.Be2 Nc5 45.Bd1 Kxc4 46.Bc2 Nd3 47.h5 Ne5+ 48.Kf4 gxh5
49.Ke4 h4 {#R} 0-1

[Event "B43"]
[Site "Cleanchess.com Graz AUT"]
[Date "2018.02.18"]
[Round "2.2"]
[White "Socko,B"]
[Black "Modler,A"]
[Result "1-0"]
[WhiteElo "2593"]
[BlackElo "2294"]

1.e4 c5 2.Nf3 e6 3.d4 cxd4 4.Nxd4 a6 5.Nc3 Qc7 6.Be2 Nf6 7.O-O Bb4 8.Qd3 Nc6
9.Nxc6 bxc6 10.Bg5 Be7 11.f4 d5 12.Kh1 h6 13.Bh4 a5 14.e5 Nd7 15.Bxe7 Kxe7
16.Na4 c5 17.f5 Ba6 18.f6+ gxf6 19.exf6+ Kf8 20.Qd2 Bxe2 21.Qxe2 Rg8 22.Rf3
Rg6 23.Raf1 Rb8 24.a3 Rg4 25.b3 Rh4 26.h3 Rh5 27.Rf4 Rg5 28.Rg4 Qe5 29.Qd2
Nxf6 30.Rxg5 hxg5 31.Nxc5 Ke7 32.Qxa5 Rc8 33.Nd3 Qd6 34.Qa7+ Rc7 35.Qf2 e5
36.Qf5 Qe6 37.Qxg5 Rxc2 38.Nxe5 d4 39.Ng4 {#r} 1-0

[Event "B43"]
[Site "Cleanchess.com Saint Louis USA"]
[Date "2018.02.13"]
[Round "9.2"]
[White "Jacobson,Brandon"]
[Black "Colas,Joshua"]
[Result "1-0"]
[WhiteElo "2351"]
[BlackElo "2207"]

1.e4 c5 2.Nf3 e6 3.d4 cxd4 4.Nxd4 a6 5.Nc3 Qc7 6.Qg4 Nf6 7.Qg3 Qxg3 8.hxg3 Nc6
9.Nxc6 dxc6 10.f3 e5 11.Be3 Be6 12.g4 O-O-O 13.g5 Nd7 14.Kf2 Be7 15.g3 f6
16.gxf6 Nxf6 17.Bh3 Bxh3 18.Rxh3 Rhf8 19.Ke2 h6 20.Nd1 Nh7 21.Nf2 Bg5 22.Rh2
Kc7 23.Nd3 Bxe3 24.Kxe3 Rde8 25.a4 a5 26.c3 Ng5 27.Rf2 Nf7 28.Rd1 Nd6 29.b3 b6
30.Rfd2 Rf6 31.c4 Nb7 32.c5 b5 33.axb5 cxb5 34.b4 Rf7 35.Ra1 a4 36.f4 exf4+
37.Nxf4 Kc6 38.Ne2 Rd7 39.Rxd7 Kxd7 40.Nd4 Nd8 41.Nxb5 Nc6 42.Rd1+ Ke7 43.Nd6
Ra8 44.b5 Nb4 45.Kd2 a3 46.Kc3 a2 47.Ra1 Na6 48.Rxa2 {#r} 1-0

[Event "B43"]
[Site "Cleanchess.com Jurmala LAT"]
[Date "2018.02.15"]
[Round "2.1"]
[White "Dzjuba,V"]
[Black "Meskovs,N"]
[Result "0-1"]
[WhiteElo "2272"]
[BlackElo "2546"]

1.e4 c5 2.Nf3 e6 3.d4 cxd4 4.Nxd4 a6 5.Nc3 Qc7 6.g3 Bb4 7.Ne2 Nf6 8.Bg2 Be7
9.O-O Nc6 10.a4 O-O 11.Nf4 Rb8 12.Re1 d6 13.g4 h6 14.h4 Nh7 15.g5 hxg5 16.hxg5
Bxg5 17.Ra3 Nb4 18.Nce2 e5 19.c3 Nc6 20.Nd5 Qd8 21.c4 Bxc1 22.Qxc1 Nf6 23.Rg3
Nxd5 24.cxd5 Ne7 25.Bf3 Ng6 26.Bh5 Qh4 27.Bxg6 fxg6 28.Qc7 Bg4 29.Qxd6 Bh5
30.Qe6+ Kh7 31.Qh3 Qxe4 32.Qg2 Rf3 33.Rxf3 Bxf3 34.Qh3+ Bh5 35.Qg2 Qb4 36.Nc3
Rf8 37.Rxe5 Qxb2 38.Re3 Rf4 39.Ne4 Qc1+ 40.Kh2 Rh4+ 41.Rh3 Qf4+ 42.Ng3 Rxh3+
43.Qxh3 Qxf2+ 44.Qg2 Qf4 45.Qe4 Qd2+ 46.Kh3 Bd1 47.Qe6 Bb3 48.Ne4 Qxd5 49.Qe7
Qe6+ 50.Qxe6 Bxe6+ 51.Kg3 Kh6 52.a5 g5 53.Nd6 Bd5 54.Nf5+ Kh7 55.Ne3 Be6 {#R}
0-1

[Event "B45"]
[Site "Cleanchess.com Lutsk UKR"]
[Date "2018.02.18"]
[Round "9.1"]
[White "Bernadskiy,V"]
[Black "Budnikov,O"]
[Result "1-0"]
[WhiteElo "2588"]
[BlackElo "2422"]

1.e4 c5 2.Nf3 Nc6 3.Nc3 e6 4.d4 cxd4 5.Nxd4 Nf6 6.a3 d6 7.Be3 a6 8.f4 Qc7
9.Qd2 Be7 10.O-O-O O-O 11.Be2 Nxd4 12.Bxd4 b5 13.Bxf6 gxf6 14.f5 Kh8 15.Bh5
Qc5 16.Qh6 Bb7 17.Rd3 Rg8 18.Bxf7 Rg7 19.Bxe6 Rxg2 20.Rg3 {#r} 1-0

[Event "B46"]
[Site "Cleanchess.com   INT"]
[Date "2018.02.14"]
[Round "6"]
[White "Vidit,S"]
[Black "Andreikin,D"]
[Result "1-0"]
[WhiteElo "2718"]
[BlackElo "2712"]

1.e4 c5 2.Nf3 e6 3.d4 cxd4 4.Nxd4 Nc6 5.Nc3 a6 6.g3 d6 7.Bg2 Bd7 8.O-O Nf6
9.Re1 Be7 10.a4 O-O 11.Nxc6 Bxc6 12.a5 Rc8 13.Be3 Qc7 14.Bb6 Qb8 15.Nd5 Bd8
16.Bxd8 Rcxd8 17.Nxf6+ gxf6 18.Qd4 e5 19.Qb6 Bd7 20.Rad1 Bg4 21.Rd2 Rc8
22.Rxd6 Rxc2 23.Rxf6 Be6 24.Qe3 Rxb2 25.Qg5+ Kh8 26.Rh6 Qc7 27.Qf6+ Kg8
28.Qg5+ Kh8 29.Rc1 Qxa5 30.Qh4 Qd2 31.Rxh7+ Kg8 32.Rf1 Rc8 33.Rh8+ Kg7 34.Qh7+
Kf6 35.Rxc8 Bxc8 36.Qh8+ Ke7 37.Qxc8 a5 38.Bf3 a4 39.Bh5 a3 40.Qc7+ Qd7
41.Qxe5+ Qe6 42.Qc7+ Kf8 43.Qc5+ Qe7 44.Qc3 Qb4 45.Qf6 Qb3 46.Kg2 Qe6 47.Qd4
Rc2 48.Ra1 a2 49.Bd1 Rc6 50.Qb4+ {#r} 1-0